00784nam a2200193 a 450000100100000000500170001000800410002702000180006804000250008608200150011110000390012624500440016526000750020930000210028449000740030583000810037995201130046099900170057300003726920200930080243.0120321s2007 ve 000 0 spa d a9789807163491 aDO-SdBNPbspacBNPHU axxxbC297v1 aCarpier, Alejo,d1904-1980.96369210aVisión de América /cAlejo Carpier. aCaracas, Venezuela :bFundación Editorial el Perro y la Rana,c2007. a151 p. ;c21 cm.1 aBiblioteca popular para los consejos comunalesaVisión de América 0aBiblioteca popular para los consejos comunalespVisión de América963693 001050718MOaGRbGRcCTd2012-03-21iLF1l0oxxx C297vp37269-10r2020-06-25w2020-06-25y1ZNo se presta c36759d36759